000 00575nam a2200217Ia 4500
008 180523s9999 xx 000 0 und d
020 _a978-621-415-066-3
050 _aFIL GV 341
050 _b.A43 2016
100 _aAlave, Jun C.
245 0 _aPhysical education and health 1 /
245 0 _cJun C. Alave.
260 _aPhilippines :
260 _bJFS Publishing,
260 _c2016
300 _a143 pages :
300 _billustrations ;
300 _c26 cm.
500 _aIncludes bibliographical references.
650 _aPhysical education and training.
999 _c357855
_d357855